Evaluación de las políticas frente a la pobreza y la exclusión social en Chile

Guardat en:
Dades bibliogràfiques
Autors principals: Mac-Clure, Oscar (autor), Urmeneta, Roberto (Autor)
Format: Llibre
Idioma:espanyol
Publicat: Santiago OIT 1996
Matèries:
Etiquetes: Afegir etiqueta
Sense etiquetes, Sigues el primer a etiquetar aquest registre!

MARC

LEADER 00000nam a2200000 a 4500
001 UCM0589
003 CL-VaPUC
008 020301e19960000CL |||||||||||||||||spa|d
082 0 4 |a 362.57  |b MAC  |2 21 
100 |a Mac-Clure, Oscar  |e autor  |9 585510 
700 0 |a Urmeneta, Roberto  |e author  |9 467487 
245 1 0 |a Evaluación de las políticas frente a la pobreza y la exclusión social en Chile 
300 |a 64 p 
942 |c BK 
945 |d 20020301 00:00:00  |a cmena 
260 |a Santiago  |b OIT  |c 1996 
650 0 |a Pobreza  |9 258652 
650 0 |a Problemas sociales  |9 258537 
650 0 |a Discriminación social  |9 323032 
650 0 |a Trabajo y empleo  |9 315054 
650 0 |a Política gubernamental  |9 262286 
650 0 |a Igualdad de oportunidades  |9 331873 
651 7 |a CHILE  |2 CL-VaPUC  |9 467488 
583 |a last modification  |c 20160913 10:59:59  |k Rodrigo Vera 
999 |c 299474  |d 299472 
952 |0 0  |1 0  |4 0  |6 362_570000000000000_MAC_1996  |7 0  |8 A  |9 356036  |a BIBGIM  |b BIBGIM  |d 2019-11-21  |i 3787265  |o 362.57 MAC 1996  |p 3787265  |r 2025-01-15  |w 2019-11-21  |y BK  |k GIM